LIBRARY & INFORMATION CENTRE, KCAET, TAVANUR

ONLINE PUBLIC ACCESS CATALOGUE (OPAC)

Harnessing the sun / (Record no. 10466)

MARC details
000 -LEADER
fixed length control field 00397cam a2200157ua 4500
041 ## - LANGUAGE CODE
Language code of text/sound track or separate title eng
082 ## - DEWEY DECIMAL CLASSIFICATION NUMBER
Classification number 537.722
Item number BOR/HA
100 ## - MAIN ENTRY--AUTHOR NAME
Personal name Borisov, Y .
245 ## - TITLE STATEMENT
Title Harnessing the sun /
260 ## - PUBLICATION, DISTRIBUTION, ETC. (IMPRINT)
Place of publication Moscow :
Name of publisher Foreign Language Publishing House ,
Year of publication 1962.
300 ## - PHYSICAL DESCRIPTION
Number of Pages 230 ; .
700 1# - ADDED ENTRY--PERSONAL NAME
Personal name Pyatnova, I .
942 ## - ADDED ENTRY ELEMENTS (KOHA)
Koha item type Books
Holdings
Withdrawn status Lost status Damaged status Home library Current library Date acquired Full call number Accession Number Koha item type
      KAUAET KAUAET 07/04/2012 537.722 BOR/HA 3664 Books
free website counter